Public and Municipal Finance
Na minha lista:
| Formato: | Periódico |
|---|---|
| Idioma: | inglês |
| Publicado em: |
Sumy
LLC CPC Business Perspectives
|
| Tags: |
Sem tags, seja o primeiro a adicionar uma tag!
|
MARC
| LEADER | 00000nas1a2200000 4500 | ||
|---|---|---|---|
| 001 | 0291545 | ||
| 005 | 20250701092124.1 | ||
| 022 | |a 2222-1875 | ||
| 022 | |a 2222-1867 | ||
| 041 | 0 | |a eng | |
| 044 | |a UA | ||
| 245 | 1 | 0 | |a Public and Municipal Finance |
| 264 | 1 | |a Sumy |b LLC CPC Business Perspectives | |